[Event "Bay Area GM"]
[Site "Santa Clara USA"]
[Date "2022.03.25"]
[Round "1.3"]
[White "Panjwani, Raja"]
[Black "Daggupati, Balaji"]
[Result "1-0"]
[WhiteElo "2436"]
[BlackElo "2463"]
[PlyCount "93"]
[EventDate "2022.03.25"]
[EventType "tourn"]
[EventRounds "9"]
[EventCountry "USA"]
[EventCategory "8"]
[Source "ChessMix"]
[SourceDate "2022.04.10"]

1. d4 d5 2. Nf3 Nf6 3. c4 c6 4. e3 Bf5 5. Nc3 e6 6. Nh4 Be4 7. f3 Bg6 8. Qb3
Qc7 9. Bd2 dxc4 10. Bxc4 Be7 11. g3 Nbd7 12. Nxg6 hxg6 13. e4 b5 14. Be2 e5 15.
dxe5 Nc5 16. Qc2 Qxe5 17. O-O-O Qe6 18. Kb1 Nfd7 19. Bf1 a5 20. Ne2 b4 21. h4
b3 22. axb3 Qxb3 23. Qxb3 Nxb3 24. Bc3 Bf6 25. Bh3 Ndc5 26. e5 Be7 27. Nd4 Nxd4
28. Rxd4 O-O 29. Kc2 a4 30. Rc4 Rfb8 31. Bb4 Rb5 32. Ba3 Kf8 33. Rd1 Rab8 34.
Bf1 Ne6 35. Rxa4 Rxe5 36. Bxe7+ Kxe7 37. Ra7+ Ke8 38. Rdd7 Rc5+ 39. Kb1 Rf5 40.
f4 Rb3 41. Bd3 Rf6 42. Be4 Nc5 43. Rdc7 Kd8 44. Bxc6 Rxg3 45. Bd5 Rg1+ 46. Kc2
Na6 47. Rcb7 1-0

[Event "Bay Area GM"]
[Site "Santa Clara USA"]
[Date "2022.03.26"]
[Round "2.4"]
[White "Maiti, Milind"]
[Black "Panjwani, Raja"]
[Result "0-1"]
[WhiteElo "2320"]
[BlackElo "2436"]
[PlyCount "83"]
[EventDate "2022.03.25"]
[EventType "tourn"]
[EventRounds "9"]
[EventCountry "USA"]
[EventCategory "8"]
[Source "ChessMix"]
[SourceDate "2022.04.10"]

1. d4 Nf6 2. c4 g6 3. Nf3 Bg7 4. g3 O-O 5. Bg2 d6 6. O-O Nbd7 7. Nc3 e5 8. e4
exd4 9. Nxd4 Re8 10. Re1 Ng4 11. f3 Nge5 12. b3 Nc5 13. Be3 f5 14. Qd2 fxe4 15.
Bg5 Bf6 16. Bxf6 Qxf6 17. Nxe4 Nxe4 18. Rxe4 Bf5 19. Rf4 Nc6 20. Rd1 Nxd4 21.
Rxd4 Re7 22. Qf2 Rae8 23. R4d2 b6 24. Qd4 Qxd4+ 25. Rxd4 Re2 26. R1d2 Rxd2 27.
Rxd2 Re1+ 28. Kf2 Ra1 29. Rb2 Bb1 30. f4 Rxa2 31. Rxa2 Bxa2 32. Bd5+ Kg7 33. b4
b5 34. Ke3 Bxc4 35. Bc6 Kf6 36. Kd4 Kf5 37. Bd7+ Be6 38. Bxb5 Kg4 39. Be2+ Kh3
40. Ke4 h5 41. Ke3 Kxh2 42. Kd4 0-1

[Event "Bay Area GM"]
[Site "Santa Clara USA"]
[Date "2022.03.26"]
[Round "3.2"]
[White "Panjwani, Raja"]
[Black "Shlyakhtenko, Robert"]
[Result "0-1"]
[WhiteElo "2436"]
[BlackElo "2385"]
[PlyCount "79"]
[EventDate "2022.03.25"]
[EventType "tourn"]
[EventRounds "9"]
[EventCountry "USA"]
[EventCategory "8"]
[Source "ChessMix"]
[SourceDate "2022.04.10"]

1. d4 d5 2. Nf3 Nf6 3. c4 dxc4 4. e3 a6 5. Bxc4 e6 6. a4 c5 7. O-O Nc6 8. Qe2
Qc7 9. Nc3 Bd6 10. Bd2 O-O 11. Rac1 b6 12. Bd3 Bb7 13. Ne4 Nxe4 14. Bxe4 a5 15.
Bc3 h6 16. h3 Rfd8 17. Rfd1 Rac8 18. dxc5 Bxc5 19. Rxd8+ Rxd8 20. Rd1 Rxd1+ 21.
Qxd1 Bb4 22. Bxb4 Nxb4 23. Bxb7 Qxb7 24. Qd8+ Kh7 25. Ne5 Qd5 26. Nd7 h5 27.
Qc7 Qd1+ 28. Kh2 Na6 29. Qb7 Qd6+ 30. f4 Nc5 31. Nxc5 Qxc5 32. Qxf7 Qxe3 33.
Qxh5+ Kg8 34. Qe5 Qb3 35. Qb5 Qe3 36. Qc4 Kf7 37. Qc7+ Kf6 38. Qc3+ Qxc3 39.
bxc3 b5 40. axb5 0-1

[Event "Bay Area GM"]
[Site "Santa Clara USA"]
[Date "2022.03.27"]
[Round "4.5"]
[White "Zhou, Jianchao"]
[Black "Panjwani, Raja"]
[Result "1/2-1/2"]
[WhiteElo "2585"]
[BlackElo "2436"]
[PlyCount "88"]
[EventDate "2022.03.25"]
[EventType "tourn"]
[EventRounds "9"]
[EventCountry "USA"]
[EventCategory "8"]
[Source "ChessMix"]
[SourceDate "2022.04.10"]

1. d4 Nf6 2. c4 g6 3. Nc3 Bg7 4. e4 d6 5. Be2 O-O 6. Nf3 e5 7. O-O Nbd7 8. Be3
Qe7 9. Qc2 c6 10. d5 c5 11. Kh1 Kh8 12. a3 Ng8 13. g4 Ndf6 14. h3 Ne8 15. Bd3
f5 16. exf5 gxf5 17. Bxf5 Bxf5 18. gxf5 Nh6 19. Ng5 Nxf5 20. Rg1 Bh6 21. Nce4
Nxe3 22. fxe3 Bxg5 23. Nxg5 Nc7 24. Rg4 Rg8 25. Rag1 Raf8 26. Qg2 Rg6 27. Ne4
Rfg8 28. Rxg6 Rxg6 29. Qf3 Rxg1+ 30. Kxg1 b5 31. b3 bxc4 32. bxc4 Na8 33. h4
Nb6 34. Qf1 Qg7+ 35. Kh2 Qh6 36. Qf7 Qxh4+ 37. Kg1 Qe1+ 38. Kg2 Qe2+ 39. Nf2 h5
40. Qf8+ Kh7 41. Qf7+ Kh8 42. Qf8+ Kh7 43. Qd8 Kg7 44. Qc7+ Nd7 1/2-1/2

[Event "Bay Area GM"]
[Site "Santa Clara USA"]
[Date "2022.03.27"]
[Round "5.1"]
[White "Panjwani, Raja"]
[Black "Stearman, Josiah"]
[Result "1/2-1/2"]
[WhiteElo "2436"]
[BlackElo "2388"]
[PlyCount "149"]
[EventDate "2022.03.25"]
[EventType "tourn"]
[EventRounds "9"]
[EventCountry "USA"]
[EventCategory "8"]
[Source "ChessMix"]
[SourceDate "2022.04.10"]

1. d4 d5 2. Nf3 Nf6 3. c4 c6 4. e3 Bf5 5. Nc3 e6 6. Nh4 Bg6 7. Nxg6 hxg6 8. Bd2
Nbd7 9. Rc1 Qc7 10. g3 a6 11. Qb3 dxc4 12. Qxc4 b5 13. Qe2 Qb6 14. Bg2 Rc8 15.
O-O Be7 16. Ne4 O-O 17. Nxf6+ Bxf6 18. Rc2 Rc7 19. Rfc1 Rfc8 20. Qe1 Qb7 21.
Bb4 Nb8 22. Ba5 Rd7 23. d5 exd5 24. Bh3 Re8 25. Bxd7 Nxd7 26. Qf1 c5 27. Qg2
Re4 28. Rd1 b4 29. Rcd2 d4 30. exd4 Bxd4 31. Re2 f5 32. Rxe4 fxe4 33. Re1 Nf6
34. Bd8 Bxb2 35. Bxf6 gxf6 36. Rxe4 Kg7 37. Re6 Qxg2+ 38. Kxg2 a5 39. Ra6 Kf7
40. Rxa5 Bd4 41. Kf3 Ke6 42. Ke4 f5+ 43. Kd3 Bxf2 44. Ra6+ Kf7 45. a4 bxa3 46.
Rxa3 g5 47. Kc4 Kg6 48. Kd5 Kh5 49. Rf3 Bg1 50. h3 Bh2 51. Rxf5 Bxg3 52. Rf8
Be1 53. Rh8+ Kg6 54. Ke6 c4 55. Rg8+ Kh5 56. Kf5 Kh4 57. Re8 Bd2 58. Re4+ Kxh3
59. Rxc4 Bf4 60. Rc2 Kg3 61. Ra2 Kf3 62. Ra4 Be3 63. Rg4 Bf4 64. Rg1 Kf2 65.
Rh1 Kg2 66. Rh5 Kf3 67. Rh3+ Ke2 68. Ra3 Kd2 69. Ke4 Kc2 70. Kf3 Kb2 71. Ra6
Kb3 72. Ke4 Kc3 73. Rg6 Kb4 74. Kd3 Kc5 75. Rxg5+ 1/2-1/2

[Event "Bay Area GM"]
[Site "Santa Clara USA"]
[Date "2022.03.28"]
[Round "6.5"]
[White "Panjwani, Raja"]
[Black "Yudasin, Leonid"]
[Result "1-0"]
[WhiteElo "2436"]
[BlackElo "2454"]
[PlyCount "49"]
[EventDate "2022.03.25"]
[EventType "tourn"]
[EventRounds "9"]
[EventCountry "USA"]
[EventCategory "8"]
[Source "ChessMix"]
[SourceDate "2022.04.10"]

1. d4 Nf6 2. Nf3 e6 3. c4 b6 4. g3 Ba6 5. Qc2 c5 6. d5 exd5 7. cxd5 g6 8. Bg2
d6 9. O-O Bg7 10. Re1 O-O 11. e4 Nbd7 12. h3 Qc7 13. a4 c4 14. Nc3 Nc5 15. Nd4
Nd3 16. Re2 Qc5 17. Nc6 Nxc1 18. Rxc1 Nd7 19. e5 f5 20. exd6 Qxd6 21. Re6 Qc5
22. d6 Kh8 23. Qd2 Bb7 24. b4 cxb3 25. Nb1 1-0

[Event "Bay Area GM"]
[Site "Santa Clara USA"]
[Date "2022.03.29"]
[Round "8.4"]
[White "Panjwani, Raja"]
[Black "Kavutskiy, Konstantin"]
[Result "0-1"]
[WhiteElo "2436"]
[BlackElo "2390"]
[PlyCount "188"]
[EventDate "2022.03.25"]
[EventType "tourn"]
[EventRounds "9"]
[EventCountry "USA"]
[EventCategory "8"]
[Source "ChessMix"]
[SourceDate "2022.04.10"]

1. d4 Nf6 2. Nf3 g6 3. g3 Bg7 4. Bg2 O-O 5. c4 d6 6. Nc3 Nc6 7. O-O e5 8. d5
Nb8 9. e4 a5 10. Re1 Na6 11. b3 Nc5 12. Rb1 Bd7 13. h3 Ne8 14. Be3 b6 15. a3 a4
16. b4 Nb3 17. Nd2 Nxd2 18. Qxd2 f5 19. exf5 gxf5 20. f4 e4 21. Bd4 Nf6 22. Kh2
Qe8 23. Bf1 Qg6 24. Qe3 h5 25. Be2 Kh7 26. Rg1 Rg8 27. h4 Qf7 28. Rbd1 Kh6 29.
Rd2 Bf8 30. Nd1 b5 31. Nf2 bxc4 32. Bxc4 Be7 33. Bb2 Rg6 34. Kh1 Ng4 35. Nxg4+
Rxg4 36. Be2 Rg6 37. Bd1 Rag8 38. Rgg2 Bb5 39. Kg1 Bf6 40. Bxf6 Qxf6 41. Be2
Bxe2 42. Rdxe2 Qg7 43. Kh2 Rg4 44. Rc2 Qg6 45. b5 Rg7 46. Qf2 Qf7 47. b6 cxb6
48. Qxb6 Qf6 49. Qe3 Rb7 50. Qc3 Qxc3 51. Rxc3 Rgg7 52. Rc6 Rgd7 53. Ra6 Ra7
54. Rb6 Ra5 55. Rd2 Kg6 56. Rd4 Rc5 57. Rc6 Rb5 58. Rcc4 Rb2+ 59. Kg1 Rdb7 60.
Rd1 R7b3 61. Rc6 Rxg3+ 62. Kh1 Rh3+ 63. Kg1 Rg3+ 64. Kh1 Rh3+ 65. Kg1 Rxh4 66.
Rxd6+ Kf7 67. Rd7+ Kf6 68. Rd6+ Ke7 69. Rh6 Rg4+ 70. Kh1 Rh4+ 71. Kg1 Rhh2 72.
d6+ Kf7 73. d7 Rbg2+ 74. Kf1 Rd2 75. Rxd2 Rxd2 76. Rxh5 Kg6 77. Rg5+ Kf6 78.
Rg8 Rxd7 79. Ra8 Kg6 80. Rg8+ Rg7 81. Rf8 Rc7 82. Rg8+ Kf6 83. Rf8+ Ke6 84. Ra8
Rc3 85. Rxa4 Rf3+ 86. Ke2 Rxf4 87. Ra8 Rh4 88. a4 Ke5 89. Kd2 Kf4 90. a5 Kf3
91. Rb8 Rh2+ 92. Kc3 e3 93. Kb3 e2 94. Re8 Rh1 0-1

[Event "Mission 360 GM/IM Norm #1"]
[Site "San Jose CA USA"]
[Date "2022.03.28"]
[Round "7.2"]
[White "Li, Eric 2007"]
[Black "Panjwani, Raja"]
[Result "1/2-1/2"]
[WhiteElo "2403"]
[BlackElo "2448"]
[PlyCount "211"]
[EventDate "2022.03.25"]
[EventType "tourn"]
[EventRounds "9"]
[EventCountry "USA"]
[EventCategory "8"]
[Source "Mark Crowther"]
[SourceDate "2022.04.11"]

1. d4 Nf6 2. c4 g6 3. Nc3 Bg7 4. e4 d6 5. Nf3 O-O 6. Be2 Nbd7 7. Be3 Ng4 8. Bg5
h6 9. Bh4 Ngf6 10. e5 Nh7 11. O-O g5 12. Bg3 f5 13. exf6 Ndxf6 14. d5 Nh5 15.
Nd4 Nf4 16. Re1 e5 17. dxe6 Nxe6 18. Nxe6 Bxe6 19. Bd3 Qd7 20. c5 Nf6 21. cxd6
cxd6 22. Bb5 Qf7 23. Qxd6 a6 24. Qxe6 Qxe6 25. Rxe6 axb5 26. Nxb5 Rfd8 27. Nc3
Rd2 28. Be5 Kf7 29. Bxf6 Kxe6 30. Bxg7 Kf7 31. Bxh6 Rxb2 32. Bxg5 b5 33. Nxb5
Raxa2 34. Rf1 Rxb5 35. Be3 Kf6 36. h3 Kf5 37. Rd1 Ra4 38. Rd4 Rxd4 39. Bxd4 Ke4
40. Be3 Kd3 41. g3 Ke4 42. Kg2 Rh5 43. Bf4 Rb5 44. h4 Kf5 45. Kh3 Rb3 46. Be3
Rb4 47. Bg5 Rb3 48. Bf4 Rb2 49. Be3 Rb4 50. h5 Ra4 51. Bf4 Ra2 52. Kg2 Ra4 53.
h6 Kg6 54. Kf3 Ra3+ 55. Kg4 Ra5 56. Kf3 Ra2 57. g4 Ra4 58. Be3 Rc4 59. Kg3 Ra4
60. Bf4 Ra3+ 61. Kh4 Ra4 62. Be3 Re4 63. Kg3 Ra4 64. g5 Ra3 65. Kg4 Rb3 66. Kf4
Rb5 67. Ke4 Rb7 68. f4 Re7+ 69. Kf3 Kf5 70. Bd4 Rb7 71. Ke2 Kg6 72. Bg7 Rb3 73.
Kf2 Ra3 74. Bd4 Rb3 75. Be3 Rb7 76. Kf3 Kf5 77. Ke2 Kg6 78. Kd3 Kf5 79. Kc4 Rb1
80. Kd5 Rh1 81. Kd6 Re1 82. Bd4 Rh1 83. Be5 Rd1+ 84. Ke7 Rb1 85. Kd7 Kg6 86.
Ke6 Rb7 87. Bd6 Ra7 88. Be7 Ra6+ 89. Kd7 Ra5 90. Ke8 Rf5 91. Bd6 Rd5 92. Ke7
Rd1 93. Ke6 Re1+ 94. Be5 Rh1 95. h7 Rxh7 96. Bf6 Ra7 97. f5+ Kh7 98. Be7 Kg7
99. Bc5 Ra6+ 100. Ke7 Ra4 101. Ke6 Rg4 102. Be7 Re4+ 103. Kd6 Rg4 104. Ke6 Re4+
105. Kd7 Rf4 106. Ke6 1/2-1/2

[Event "Charlotte Spring GM"]
[Site "Charlotte USA"]
[Date "2022.03.16"]
[Round "1.4"]
[White "Panjwani, Raja"]
[Black "Liang, Jason"]
[Result "0-1"]
[WhiteElo "2436"]
[BlackElo "2419"]
[PlyCount "72"]
[EventDate "2022.03.16"]
[EventType "tourn"]
[EventRounds "9"]
[EventCountry "USA"]
[EventCategory "8"]
[Source "ChessMix"]
[SourceDate "2022.04.01"]

1. d4 d5 2. c4 e6 3. Nf3 a6 4. Bg5 Be7 5. Bxe7 Qxe7 6. Nbd2 Nf6 7. g3 b6 8. Bg2
Bb7 9. O-O O-O 10. Ne5 c5 11. Qb3 dxc4 12. Ndxc4 Bxg2 13. Kxg2 b5 14. Qf3 Ra7
15. Na5 Qd6 16. Rfd1 cxd4 17. Nec6 Nxc6 18. Nxc6 Rc7 19. Nxd4 Qb6 20. Qb3 Rc4
21. e3 Qb7+ 22. f3 Rfc8 23. Rd2 g5 24. h3 h5 25. Qd1 g4 26. Nb3 Nd5 27. Kh2
Nxe3 28. Qg1 Qxf3 29. Rb1 Nf5 30. Re1 Rc2 31. Rf2 Qe3 32. Nd2 Qd3 33. Qg2 h4
34. gxh4 g3+ 35. Kh1 Nxh4 36. Qg1 Rxd2 0-1

[Event "Charlotte Spring GM"]
[Site "Charlotte USA"]
[Date "2022.03.17"]
[Round "3.3"]
[White "Panjwani, Raja"]
[Black "Lee, Micha"]
[Result "1/2-1/2"]
[WhiteElo "2436"]
[BlackElo "2377"]
[PlyCount "69"]
[EventDate "2022.03.16"]
[EventType "tourn"]
[EventRounds "9"]
[EventCountry "USA"]
[EventCategory "8"]
[Source "ChessMix"]
[SourceDate "2022.04.01"]

1. d4 Nf6 2. Nf3 d5 3. c4 e6 4. g3 Bb4+ 5. Bd2 Be7 6. Bg2 O-O 7. O-O c6 8. Qc2
Nbd7 9. b3 b6 10. Nc3 Ba6 11. e4 dxc4 12. Rfe1 e5 13. Ne2 cxb3 14. axb3 Bxe2
15. Rxe2 Qc7 16. Bc3 Bd6 17. dxe5 Nxe5 18. Nd4 Rfd8 19. Rd1 Bf8 20. Red2 a5 21.
Nf5 Rxd2 22. Qxd2 Re8 23. h3 Ng6 24. Re1 Qd8 25. Qc2 Qc7 26. Ba1 Bb4 27. Rd1
Rd8 28. Rxd8+ Qxd8 29. e5 Nd5 30. e6 fxe6 31. Nxg7 Qd6 32. Nh5 Qc5 33. Qd1 Bc3
34. Bxc3 Qxc3 35. Qg4 1/2-1/2

[Event "Charlotte Spring GM"]
[Site "Charlotte USA"]
[Date "2022.03.18"]
[Round "4.4"]
[White "Bodek, Michael"]
[Black "Panjwani, Raja"]
[Result "0-1"]
[WhiteElo "2418"]
[BlackElo "2436"]
[PlyCount "160"]
[EventDate "2022.03.16"]
[EventType "tourn"]
[EventRounds "9"]
[EventCountry "USA"]
[EventCategory "8"]
[Source "ChessMix"]
[SourceDate "2022.04.01"]

1. e4 c5 2. Nf3 Nc6 3. Nc3 g6 4. d4 cxd4 5. Nxd4 Bg7 6. Be3 Nf6 7. Bc4 O-O 8.
Bb3 d6 9. h3 Na5 10. O-O b6 11. Bg5 Bb7 12. Bd5 Qd7 13. Qd3 Nxd5 14. Nxd5 f6
15. Bd2 e6 16. Ne3 f5 17. exf5 gxf5 18. Bxa5 bxa5 19. Rad1 f4 20. Ng4 h5 21.
Nh2 e5 22. Qb5 Rfd8 23. Qxd7 Rxd7 24. Nb3 Ba6 25. Rfe1 Rc8 26. Rd2 a4 27. Nc1
Bf8 28. b3 Bb7 29. c4 Rg7 30. f3 axb3 31. axb3 d5 32. Rxe5 dxc4 33. bxc4 Bc5+
34. Kf1 Be3 35. Rd1 Ba6 36. g4 Rxc4 37. Ne2 Rc8 38. Re1 Rc5 39. Rxc5 Bxc5 40.
Rc1 Bb6 41. Ra1 Bb5 42. Ke1 Re7 43. Ra2 Bc4 44. Rc2 Bd3 45. Ra2 Be3 46. gxh5
Rb7 47. Nc3 Rc7 48. Nd1 Rc1 49. Ng4 Bc2 50. Ngxe3 fxe3 51. Rxc2 Rxc2 52. Nxe3
Rc5 53. Kd2 Rxh5 54. Kc3 Kf7 55. Kb4 Ke6 56. f4 Rxh3 57. Nc2 Kd6 58. Nd4 a6 59.
Nf5+ Ke6 60. Nd4+ Kd5 61. Nc2 Rh2 62. Kb3 Kc5 63. Nb4 Kb5 64. Nd5 Rh3+ 65. Kb2
Rf3 66. Nc7+ Kb6 67. Ne6 a5 68. Ka2 a4 69. Kb2 Ka5 70. Nd4 Rxf4 71. Nc2 Rf3 72.
Nd4 a3+ 73. Ka2 Rh3 74. Nc2 Ka4 75. Kb1 Rh1+ 76. Ka2 Rh2 77. Kb1 Kb3 78. Nd4+
Kc4 79. Nc2 Kc3 80. Nxa3 Kb3 0-1

[Event "Charlotte Spring GM"]
[Site "Charlotte USA"]
[Date "2022.03.18"]
[Round "5.2"]
[White "Panjwani, Raja"]
[Black "Mista, Aleksander"]
[Result "1-0"]
[WhiteElo "2436"]
[BlackElo "2541"]
[PlyCount "45"]
[EventDate "2022.03.16"]
[EventType "tourn"]
[EventRounds "9"]
[EventCountry "USA"]
[EventCategory "8"]
[Source "ChessMix"]
[SourceDate "2022.04.01"]

1. Nf3 Nf6 2. c4 e6 3. g3 d5 4. d4 g6 5. Bg2 Bg7 6. O-O O-O 7. Nc3 b6 8. Ne5
Bb7 9. Bg5 h6 10. Bxf6 Bxf6 11. cxd5 exd5 12. f4 Qd6 13. Qb3 c6 14. e4 Rd8 15.
exd5 cxd5 16. Nb5 Qe7 17. f5 g5 18. Ng4 Kg7 19. Rae1 Qd7 20. Nxf6 Kxf6 21. Re6+
Kg7 22. f6+ Kg8 23. Re7 1-0

[Event "Charlotte Spring GM"]
[Site "Charlotte USA"]
[Date "2022.03.19"]
[Round "6.5"]
[White "Mishra, Abhimanyu"]
[Black "Panjwani, Raja"]
[Result "0-1"]
[WhiteElo "2505"]
[BlackElo "2436"]
[PlyCount "152"]
[EventDate "2022.03.16"]
[EventType "tourn"]
[EventRounds "9"]
[EventCountry "USA"]
[EventCategory "8"]
[Source "ChessMix"]
[SourceDate "2022.04.01"]

1. e4 e5 2. Nf3 Nc6 3. Bc4 Nf6 4. d3 h6 5. O-O d6 6. c3 g6 7. d4 Qe7 8. Re1 Bg7
9. Nbd2 O-O 10. h3 a5 11. Nf1 a4 12. Ng3 Bd7 13. Be3 Nh7 14. Qc2 h5 15. dxe5
Nxe5 16. Nxe5 dxe5 17. b4 b6 18. Rad1 Rfd8 19. Rd2 Be8 20. Rd4 Rd6 21. Rxd6 Rc8
22. Rd8 Rxd8 23. b5 a3 24. Qb3 Ng5 25. Bd5 Ne6 26. c4 Bf8 27. Ne2 Qf6 28. Qc3
Bd6 29. Rf1 Qe7 30. f4 exf4 31. Nxf4 Bd7 32. Nd3 Qh4 33. Rf3 Be8 34. Ne5 Qe7
35. Nxg6 fxg6 36. Rf6 Bb4 37. Rxe6 Rxd5 38. Rxe7 Rd1+ 39. Kf2 Bxc3 40. Rxe8+
Kf7 41. Ra8 Ba5 42. Ra7 Ra1 43. Rxc7+ Ke8 44. Bd4 Rxa2+ 45. Kf3 Rd2 46. Bf6 Rd1
47. Ke2 Re1+ 48. Kd3 a2 49. c5 bxc5 50. Re7+ Kf8 51. Ra7 a1=Q 52. Bxa1 Rxa1 53.
Ra8+ Ke7 54. b6 c4+ 55. Kc2 Ra2+ 56. Kd1 Ra1+ 57. Kc2 Ra2+ 58. Kd1 c3 59. b7
Rd2+ 60. Kc1 Bc7 61. b8=Q Bxb8 62. Rxb8 Rxg2 63. Rb6 h4 64. e5 g5 65. Rc6 Rg3
66. Rg6 Kf7 67. Rf6+ Kg7 68. Rf5 Kg6 69. Rf6+ Kh5 70. e6 Rxh3 71. Rf8 Re3 72.
Re8 Kg4 73. e7 h3 74. Kc2 h2 75. Rh8 Kg3 76. Rh5 g4 0-1

[Event "Charlotte Spring GM"]
[Site "Charlotte USA"]
[Date "2022.03.20"]
[Round "8.5"]
[White "Panjwani, Raja"]
[Black "Ostrovskiy, Aleksandr A"]
[Result "1-0"]
[WhiteElo "2436"]
[BlackElo "2409"]
[PlyCount "115"]
[EventDate "2022.03.16"]
[EventType "tourn"]
[EventRounds "9"]
[EventCountry "USA"]
[EventCategory "8"]
[Source "ChessMix"]
[SourceDate "2022.04.01"]

1. Nf3 d5 2. d4 e6 3. c4 a6 4. Bg5 Be7 5. Bxe7 Qxe7 6. Nbd2 Nf6 7. g3 b6 8. Bg2
Bb7 9. O-O c5 10. Rc1 Nbd7 11. Ne5 cxd4 12. Nxd7 Qxd7 13. Nf3 dxc4 14. Rxc4 Qd8
15. Rxd4 Qc7 16. Qa4+ b5 17. Qb4 Rc8 18. Rfd1 Qe7 19. a4 Qxb4 20. Rxb4 Nd5 21.
Rb3 Bc6 22. axb5 Bxb5 23. Nd4 Ba4 24. Bxd5 Bxb3 25. Bxb3 Ke7 26. Ba4 Rc7 27.
Nc6+ Kf6 28. f4 g5 29. Kf2 h5 30. e4 h4 31. e5+ Kg6 32. g4 gxf4 33. Kf3 Kg5 34.
h3 Rhc8 35. Rd6 Rb7 36. b3 Rbc7 37. Ke4 Rb7 38. Rd3 Rb6 39. Rc3 Rb4+ 40. Rc4
Rb6 41. Kd3 Rc7 42. Nd4 Rxc4 43. Nf3+ Kh6 44. bxc4 Rb4 45. Bc2 a5 46. Kc3 Rb8
47. Nxh4 f6 48. exf6 Kg5 49. Nf3+ Kxf6 50. g5+ Ke7 51. h4 Kd6 52. h5 e5 53. g6
a4 54. g7 a3 55. c5+ Kxc5 56. Bb3 e4 57. Nd2 e3 58. Nf3 1-0

[Event "Charlotte Spring GM"]
[Site "Charlotte USA"]
[Date "2022.03.20"]
[Round "9.2"]
[White "Guo, Arthur"]
[Black "Panjwani, Raja"]
[Result "1-0"]
[WhiteElo "2412"]
[BlackElo "2436"]
[PlyCount "79"]
[EventDate "2022.03.16"]
[EventType "tourn"]
[EventRounds "9"]
[EventCountry "USA"]
[EventCategory "8"]
[Source "ChessMix"]
[SourceDate "2022.04.01"]

1. e4 c5 2. Nf3 Nc6 3. d4 cxd4 4. Nxd4 g6 5. c4 Nf6 6. Nc3 Nxd4 7. Qxd4 d6 8.
Be2 Bg7 9. Be3 O-O 10. Qd2 a5 11. f3 a4 12. Rc1 Qa5 13. Kf2 Be6 14. Nd5 Bxd5
15. Qxa5 Rxa5 16. cxd5 Nd7 17. Rc7 Nc5 18. Rb1 Rfa8 19. Ke1 Bf6 20. Kd1 Kg7 21.
g3 b6 22. Bd2 R5a7 23. Rc6 Rb7 24. Bb5 Bd4 25. Kc2 f5 26. exf5 gxf5 27. Re1 Kf7
28. g4 fxg4 29. fxg4 Kg7 30. Rf1 Be5 31. h4 h6 32. Rf5 Ne4 33. Bxh6+ Kxh6 34.
Rxe5 Nc5 35. Rf5 a3 36. b4 Nd7 37. Rc3 Rg8 38. Rh5+ Kg7 39. Rg5+ Kf7 40. Bxd7
1-0

[Event "Charlotte Holiday GM"]
[Site "Charlotte USA"]
[Date "2021.12.19"]
[Round "1.4"]
[White "Panjwani, Raja"]
[Black "Gauri, Shankar"]
[Result "0-1"]
[WhiteElo "2431"]
[BlackElo "2325"]
[PlyCount "100"]
[EventDate "2021.12.19"]
[EventType "tourn"]
[EventRounds "9"]
[EventCountry "USA"]
[EventCategory "7"]
[Source "ChessMix"]
[SourceDate "2022.01.01"]
[TimeControl "5400+30"]

1. d4 {[%emt 0:00:03]} Nf6 {[%emt 0:04:04]} 2. c4 {[%emt 0:00:10]} e6 {
[%emt 0:00:22]} 3. Nc3 {[%emt 0:00:09]} Bb4 {[%emt 0:00:21]} 4. e3 {
[%emt 0:00:09]} O-O {[%emt 0:00:17]} 5. Bd3 {[%emt 0:00:16]} d5 {[%emt 0:00:13]
} 6. Nf3 {[%emt 0:00:16]} c5 {[%emt 0:00:45]} 7. cxd5 {[%emt 0:00:35]} exd5 {
[%emt 0:02:36]} 8. dxc5 {[%emt 0:00:17]} Bxc5 {[%emt 0:05:19]} 9. h3 {
[%emt 0:02:33]} Nc6 {[%emt 0:01:35]} 10. O-O {[%emt 0:00:13]} Qe7 {
[%emt 0:17:29]} 11. a3 {[%emt 0:15:54]} a6 {[%emt 0:03:16]} 12. b4 {
[%emt 0:01:43]} Bd6 {[%emt 0:00:29]} 13. Bb2 {[%emt 0:06:07]} Ne5 {
[%emt 0:11:44]} 14. Na4 {[%emt 0:02:51]} Nxd3 {[%emt 0:13:27]} 15. Qxd3 {
[%emt 0:00:12]} Be6 {[%emt 0:03:19]} 16. Nb6 {[%emt 0:09:33]} Rad8 {
[%emt 0:00:43]} 17. Qd4 {[%emt 0:00:45]} Rfe8 {[%emt 0:06:30]} 18. Qh4 {
[%emt 0:17:54]} Nd7 {[%emt 0:11:26]} 19. Qd4 {[%emt 0:01:44]} Nf6 {
[%emt 0:01:01]} 20. Rfc1 {[%emt 0:07:40]} Bb8 {[%emt 0:01:44]} 21. Na4 {
[%emt 0:02:27]} Bf5 {[%emt 0:01:34]} 22. Nc5 {[%emt 0:00:41]} Be4 {
[%emt 0:00:51]} 23. Nd2 {[%emt 0:02:40]} Bg6 {[%emt 0:06:14]} 24. a4 {
[%emt 0:01:51]} Qf8 {[%emt 0:01:22]} 25. Qh4 {[%emt 0:05:11]} Ne4 {
[%emt 0:00:37]} 26. Ndxe4 {[%emt 0:00:29]} dxe4 {[%emt 0:00:41]} 27. Rd1 {
[%emt 0:00:28]} Bc7 {[%emt 0:04:19]} 28. a5 {[%emt 0:03:01]} f6 {[%emt 0:00:01]
} 29. Rxd8 {[%emt 0:02:55]} Rxd8 {[%emt 0:01:31]} 30. Ne6 {[%emt 0:01:54]} Qxb4
{[%emt 0:00:59]} 31. Nxd8 {[%emt 0:03:45]} Qxb2 {[%emt 0:00:01]} 32. Rd1 {
[%emt 0:00:07]} Qc2 {[%emt 0:00:16]} 33. Rf1 {[%emt 0:01:16]} Bxd8 {
[%emt 0:00:05]} 34. Qf4 {[%emt 0:00:04]} Qc7 {[%emt 0:01:15]} 35. Rd1 {
[%emt 0:00:01]} h5 {[%emt 0:00:33]} 36. g4 {[%emt 0:00:21]} h4 {[%emt 0:00:38]}
37. g5 {[%emt 0:01:01]} fxg5 {[%emt 0:00:10]} 38. Qg4 {[%emt 0:00:04]} Kh7 {
[%emt 0:00:19]} 39. Rd7 {[%emt 0:00:17]} Qxa5 {[%emt 0:00:40]} 40. Qd1 {
[%emt 0:00:53]} Bf6 {[%emt 0:00:18]} 41. Rxb7 {[%emt 0:00:31]} Qf5 {
[%emt 0:00:05]} 42. Qd6 {[%emt 0:00:53]} g4 {[%emt 0:01:17]} 43. hxg4 {
[%emt 0:00:23]} Qxg4+ {[%emt 0:00:02]} 44. Kf1 {[%emt 0:00:06]} Qh3+ {
[%emt 0:00:50]} 45. Ke1 {[%emt 0:00:06]} Bc3+ {[%emt 0:00:24]} 46. Kd1 {
[%emt 0:00:01]} Qf3+ {[%emt 0:00:39]} 47. Kc2 {[%emt 0:00:53]} Bf6 {
[%emt 0:00:02]} 48. Qh2 {[%emt 0:00:16]} Qe2+ {[%emt 0:00:36]} 49. Kc1 {
[%emt 0:00:02]} Be8 {[%emt 0:00:27]} 50. Qf4 {[%emt 0:00:08]} Qe1+ {
[%emt 0:00:07]} 0-1

[Event "Charlotte Holiday GM"]
[Site "Charlotte USA"]
[Date "2021.12.20"]
[Round "2.3"]
[White "Tsolakidou, Stavroula"]
[Black "Panjwani, Raja"]
[Result "0-1"]
[WhiteElo "2379"]
[BlackElo "2431"]
[PlyCount "118"]
[EventDate "2021.12.19"]
[EventType "tourn"]
[EventRounds "9"]
[EventCountry "USA"]
[EventCategory "7"]
[Source "ChessMix"]
[SourceDate "2022.01.01"]

1. d4 Nf6 2. c4 e6 3. g3 c5 4. d5 exd5 5. cxd5 d6 6. Nc3 g6 7. Bg2 Bg7 8. Nf3
O-O 9. O-O Re8 10. Re1 h6 11. h3 a6 12. a4 Nbd7 13. a5 b5 14. axb6 Nxb6 15. e4
Nfd7 16. Qc2 g5 17. Nd1 c4 18. Be3 Qf6 19. Nd4 Nc5 20. Nc6 Qg6 21. Bxc5 dxc5
22. Ne3 Bd7 23. Na5 Bb5 24. Nf5 Be5 25. Bf1 Qf6 26. Ra2 Bd7 27. Ne3 c3 28. Nac4
Nxc4 29. Nxc4 Bd4 30. bxc3 Bxc3 31. Rb1 Bb4 32. e5 Rxe5 33. Nxe5 Qxe5 34. Rd1
Qd6 35. Qc4 a5 36. h4 a4 37. hxg5 hxg5 38. Qc1 Qf6 39. d6 Re8 40. Re2 Rxe2 41.
Bxe2 Kf8 42. Rd5 a3 43. Bc4 Be6 44. Rd1 Bd7 45. Rd5 Be6 46. Rd3 Bd7 47. Qd1 g4
48. Re3 Qd4 49. Qc2 Qa1+ 50. Kh2 Qh8+ 51. Kg1 Bc6 52. f3 Qd4 53. Qd3 gxf3 54.
Qxd4 cxd4 55. Re7 d3 56. Rxf7+ Ke8 57. d7+ Kd8 58. Bb3 d2 59. Rh7 a2 0-1